000 00492nam a2200169 i 4500
001 bg
100 1 _aGóralski, Andrzej
_d(1936- ).
245 0 _aAlgorytmy i programy statystyki kwalitatywnej /
_cAndrzej Góralski.
260 _aWarszawa :
_bWydawn. Nauk.-Techn.,
_c1979.
300 _as. 178, nlb. 2 :
_brys.
504 _a[Zawiera bibliogr. s. 174-175].
040 _cBPK
041 _apol
080 _a519.2:519.682:510.5
942 _cKS
008 s pl f |000 0 pol
999 _c10018
_d10018
856 _uhttp://koha.tu.koszalin.pl/cgi-bin/koha/opac-detail.pl?biblionumber=10018
_yKatalog online BPK